Statistics for Overwatch player by Team History

Click here to take the quiz!

General Stats

  • This quiz has been taken 1,394 times
  • The average score is 6 of 10

Answer Stats

Player% Correct
Rox Orcas

Boston Uprising

San Francisco Shock

Boston Uprising

San Francisco Shock

Boston Uprising

San Francisco Shock
Striker
98%
Flash Lux

Seoul Dynasty

Shanghai Dragons
Fleta
87%
WGS Armament
O2 Blast

Atlanta Reign

Houston Outlaws
Pelican
69%
Element Mystic
RunAway

Philadelphia Fusion

Toronto Defiant

Shanghai Dragons
Heesu
68%
Lunatic Hai
Fusion University

New York Excelsior

Shanghai Dragons
O2 Blast

Florida Mayhem
WhoRu
65%
NYYRIKKI Esports
Team Gigantti

Atlanta Reign

Vancouver Titans
RetiredMasaa
63%
Rhinos Gaming Wings
AF.Blue
LW Blue

New York Excelsior

Philadelphia Fusion
Mano
56%
IDDQD
Rogue
Misfits

Florida Mayhem
RevivalRetiredTviQ
42%
REUNITED
Laser Kittenz
Cloud 9 EU
British Hurricane

Guangzhou Charge

Philadelphia Fusion
RetiredKyb
41%
Element Mystic
Talon Esports
O2 Blast

San Francisco Shock

Vancouver Titans
HeeSang
40%

Score Distribution

Percentile by Number Answered

Percent of People with Each Score

Your Score History

You have not taken this quiz